000 00912cam a22003017a 4500
003 CHAP
005 20220817040851.0
008 971013s1981 r 00010 d
010 _a1746
011 _a2718
035 _a1914
040 _cCHAP
090 _aFolleto 12568
100 0 0 _aReyna Corona, Enrique.
_997044
245 1 3 _aEl papel del economista agrícola en los programas de investigación del INIA
260 _aMéxico, D. F. :
_bINIA,
_c1981
300 _a24 p
490 0 _aFolleto misceláneo
_v; 42
500 _aD43-20
590 _aBATCH-UPD
_b10
_c20130110
_lUCH01
_h1813
590 _aBATCH-UPD
_b10
_c20130410
_lUCH01
_h1147
590 _aCONVERSION
_b10
_c20130109
_lUCH01
_h1302
650 1 4 _aAgricultura
_xAspectos economicos
_xInvestigacion.
_91259
830 0 _aFolleto miscelaneo
_v; 42
901 _aBK
942 _cFOLL
949 _aFolleto 12568
_bBC
_cFOLL
_d-11409
_eTS1
_i1914
_si
999 _c1746
_d1746